[Event "Pan American-ch Seniors 50"]
[Site "Lima"]
[Date "2023.05.01"]
[Round "9"]
[White "Caceres Vasquez, Sergio"]
[Black "Ruiz Aguilar, Pablo Alexander"]
[Result "0-1"]
[WhiteElo "2041"]
[BlackElo "2161"]
[PlyCount "96"]
[EventDate "2023.04.26"]
[EventType "swiss"]
[EventRounds "9"]
[EventCountry "PER"]
[SourceTitle "CBM 214 Extra"]
[Source "ChessBase"]
[SourceDate "2023.07.31"]
[SourceVersion "1"]
[SourceVersionDate "2023.07.31"]
[SourceQuality "1"]

1. d4 d5 2. c4 c6 3. cxd5 cxd5 4. Bf4 Nc6 5. e3 Nf6 6. Nc3 a6 7. Be2 Bf5 8. g4 Be6 9. g5 Ne4 10. Rc1 h6 11. g6 fxg6 12. h4 Nxc3 13. Rxc3 Bf5 14. Kf1 e6 15. Nf3 Bb4 16. Rc1 0-0 17. Qb3 a5 18. a3 a4 19. Qd1 Bd6 20. Bxd6 Qxd6 21. Rg1 Rf7 22. Bb5 Raf8 23. Rg3 Be4 24. Be2 g5 25. hxg5 hxg5 26. Kg1 g4 27. Ng5 Rxf2 28. Nxe4 dxe4 29. Rg2 g3 30. Qc2 Rxg2+ 31. Kxg2 Rf2+ 32. Kg1 Qd5 33. Rf1 Nxd4 34. Qc8+ Kh7 35. Rxf2 Nxe2+ 36. Rxe2 Qd1+ 37. Kg2 Qxe2+ 38. Kxg3 Qxe3+ 39. Kg2 Qe2+ 40. Kg3 Qxb2 41. Kf4 Qf2+ 42. Kxe4 Qe2+ 43. Kf4 b5 44. Qd8 Qf2+ 45. Ke4 Qf5+ 46. Ke3 Qe5+ 47. Kd3 Qd5+ 48. Qxd5 exd5 0-1

[Event "Wch Seniors 50 30th"]
[Site "Assisi"]
[Date "2022.11.20"]
[Round "6"]
[White "Welling, Gerard J"]
[Black "Caceres Vasquez, Sergio"]
[Result "1/2-1/2"]
[WhiteElo "2255"]
[BlackElo "2067"]
[PlyCount "76"]
[EventDate "2022.11.15"]
[EventType "swiss"]
[EventRounds "11"]
[EventCountry "ITA"]
[SourceTitle "CBM 211 Extra"]
[Source "ChessBase"]
[SourceDate "2023.01.31"]
[SourceVersion "1"]
[SourceVersionDate "2023.01.31"]
[SourceQuality "1"]

1. e4 c5 2. Nf3 e6 3. d3 d5 4. Qe2 Ne7 5. g3 g6 6. Bg2 Bg7 7. 0-0 Nbc6 8. c3 0-0 9. e5 b5 10. Bf4 a5 11. Nbd2 a4 12. h4 b4 13. c4 a3 14. b3 Ba6 15. Rfe1 Rc8 16. Nf1 dxc4 17. dxc4 Nf5 18. Rad1 Qc7 19. N1h2 Bb7 20. Rd3 Nfd4 21. Qd1 Nxf3+ 22. Nxf3 Rfd8 23. Ree3 Rxd3 24. Rxd3 Rd8 25. Rxd8+ Qxd8 26. Qxd8+ Nxd8 27. Ne1 Bxg2 28. Kxg2 Nb7 29. Nd3 Bf8 30. Be3 Be7 31. Kf3 Kf8 32. Bg5 Ke8 33. Bxe7 Kxe7 34. Ke3 Kf8 35. f4 h5 36. Kd2 Ke7 37. Ke3 Kd7 38. Kd2 Ke7 1/2-1/2

[Event "Titled Tuesday intern op 01st Sept"]
[Site "Chess.com INT"]
[Date "2020.09.01"]
[Round "5"]
[White "Caceres Vasquez, Sergio"]
[Black "Yanayt, Eugene"]
[Result "1-0"]
[WhiteElo "2061"]
[BlackElo "2173"]
[PlyCount "52"]
[EventDate "2020.09.01"]
[EventType "swiss (blitz)"]
[EventRounds "10"]
[EventCountry "USA"]
[SourceTitle "CBM 198 Extra"]
[Source "ChessBase"]
[SourceDate "2020.11.30"]
[SourceVersion "1"]
[SourceVersionDate "2020.11.30"]
[SourceQuality "1"]

1. d4 Nf6 2. c4 g6 3. Nc3 Bg7 4. e4 0-0 5. f4 d6 6. Nf3 c5 7. d5 e5 8. fxe5 dxe5 9. Bd3 Ne8 10. Be3 b6 11. 0-0 Nd6 12. Qd2 f5 13. Bh6 f4 14. Bxg7 Kxg7 15. Kh1 g5 16. h3 g4 17. hxg4 Bxg4 18. Nxe5 Qh4+ 19. Kg1 Bh5 20. Nf3 Qg3 21. e5 Nf5 22. Bxf5 Rxf5 23. Ne4 Qg6 24. Nh4 Qg4 25. Nxf5+ Qxf5 26. Qxf4 Qg6 1-0

[Event "Titled Tuesday intern op 11th Aug"]
[Site "Chess.com INT"]
[Date "2020.08.11"]
[Round "1"]
[White "Caceres Vasquez, Sergio"]
[Black "Horak, Martin"]
[Result "0-1"]
[WhiteElo "2061"]
[BlackElo "2341"]
[PlyCount "54"]
[EventDate "2020.08.11"]
[EventType "swiss (blitz)"]
[EventRounds "10"]
[EventCountry "USA"]
[SourceTitle "CBM 197 Extra"]
[Source "ChessBase"]
[SourceDate "2020.09.30"]
[SourceVersion "1"]
[SourceVersionDate "2020.09.30"]
[SourceQuality "1"]

1. d4 Nf6 2. c4 e6 3. Nc3 Bb4 4. e3 0-0 5. Nge2 d5 6. a3 Be7 7. cxd5 exd5 8. g3 Re8 9. Bg2 c6 10. 0-0 Nbd7 11. f3 c5 12. dxc5 Bxc5 13. Nd4 a6 14. Re1 Ne5 15. b3 b5 16. Bb2 Qb6 17. Qd2 Bh3 18. Nce2 Bxg2 19. Kxg2 Rac8 20. Nf4 g5 21. Nd3 g4 22. Nxc5 Qxc5 23. Rac1 Qd6 24. f4 Ned7 25. Rxc8 Rxc8 26. Nf5 Qe6 27. Qd3 Nc5 0-1

[Event "Titled Tuesday intern op 11th Aug"]
[Site "Chess.com INT"]
[Date "2020.08.11"]
[Round "3"]
[White "Kazarian, Anna Maja"]
[Black "Caceres Vasquez, Sergio"]
[Result "1-0"]
[WhiteElo "2096"]
[BlackElo "2061"]
[PlyCount "59"]
[EventDate "2020.08.11"]
[EventType "swiss (blitz)"]
[EventRounds "10"]
[EventCountry "USA"]
[SourceTitle "CBM 197 Extra"]
[Source "ChessBase"]
[SourceDate "2020.09.30"]
[SourceVersion "1"]
[SourceVersionDate "2020.09.30"]
[SourceQuality "1"]

1. e4 c6 2. d4 d5 3. exd5 cxd5 4. c4 Nf6 5. Nc3 g6 6. Nf3 Bg7 7. Bd3 0-0 8. 0-0 Nc6 9. Bg5 dxc4 10. Bxc4 b6 11. Re1 Na5 12. Bf1 Bb7 13. Ne5 Rc8 14. Qd2 Re8 15. Rad1 Nd5 16. Bh6 e6 17. Bxg7 Kxg7 18. Ne4 f6 19. Ng4 Qe7 20. Qh6+ Kg8 21. Ng3 Qg7 22. Qh4 Rc2 23. b4 Nc4 24. Bd3 Rc3 25. Ne4 Rxd3 26. Rxd3 f5 27. Nef6+ Nxf6 28. Nxf6+ Kf7 29. Nxe8 Kxe8 30. Rxe6+ 1-0

[Event "Titled Tuesday intern op 11th Aug"]
[Site "Chess.com INT"]
[Date "2020.08.11"]
[Round "8"]
[White "Ortega Amarelle, Mariano"]
[Black "Caceres Vasquez, Sergio"]
[Result "1-0"]
[WhiteElo "2458"]
[BlackElo "2061"]
[PlyCount "59"]
[EventDate "2020.08.11"]
[EventType "swiss (blitz)"]
[EventRounds "10"]
[EventCountry "USA"]
[SourceTitle "CBM 197 Extra"]
[Source "ChessBase"]
[SourceDate "2020.09.30"]
[SourceVersion "1"]
[SourceVersionDate "2020.09.30"]
[SourceQuality "1"]

1. e4 c6 2. d4 d5 3. exd5 cxd5 4. Bd3 Nc6 5. c3 g6 6. Nf3 Bf5 7. Be2 Nf6 8. 0-0 Bg7 9. Bf4 0-0 10. Nbd2 Ne4 11. Re1 Nxd2 12. Qxd2 Re8 13. Bf1 Qd7 14. h3 b5 15. Bxb5 Qb7 16. Ba4 Bd7 17. Bxc6 Bxc6 18. Ne5 Bb5 19. a4 Ba6 20. b4 Qc8 21. Nd3 e6 22. Nc5 Bc4 23. Bh6 Bh8 24. h4 e5 25. dxe5 Rxe5 26. Rxe5 Bxe5 27. Re1 Bh8 28. Be3 a5 29. b5 Qc7 30. Bd4 1-0

[Event "Titled Tuesday intern op 4th Aug 10am"]
[Site "Chess.com INT"]
[Date "2020.08.04"]
[Round "2"]
[White "Mkrtchian, Lilit"]
[Black "Caceres Vasquez, Sergio"]
[Result "1-0"]
[WhiteElo "2388"]
[BlackElo "2061"]
[PlyCount "111"]
[EventDate "2020.08.04"]
[EventType "swiss (blitz)"]
[EventRounds "10"]
[EventCountry "USA"]
[SourceTitle "CBM 197 Extra"]
[Source "ChessBase"]
[SourceDate "2020.09.30"]
[SourceVersion "1"]
[SourceVersionDate "2020.09.30"]
[SourceQuality "1"]

1. e4 c6 2. d4 d5 3. Nd2 dxe4 4. Nxe4 Nf6 5. Nxf6+ exf6 6. c3 Bd6 7. Bd3 0-0 8. Qc2 Re8+ 9. Ne2 h6 10. 0-0 Na6 11. Ng3 Bxg3 12. hxg3 Nc7 13. Bd2 Be6 14. Rae1 Qd7 15. Bc1 b5 16. Re2 Bg4 17. f3 Rxe2 18. Qxe2 Re8 19. Qc2 Be6 20. g4 a5 21. b3 Nd5 22. a3 Nb6 23. Bb2 a4 24. bxa4 Nxa4 25. Bc1 Nb6 26. Re1 Bc4 27. Rxe8+ Qxe8 28. Be4 Nd5 29. a4 Qa8 30. axb5 cxb5 31. Bxd5 Qxd5 32. Kf2 b4 33. cxb4 Qxd4+ 34. Be3 Qd3 35. Qxd3 Bxd3 36. Bc5 g6 37. Bd4 f5 38. gxf5 gxf5 39. Ke3 Bb5 40. Kf4 Bd7 41. Ke5 Kf8 42. Kd6 Ke8 43. Bf6 Bb5 44. g3 Be2 45. f4 Bf3 46. b5 h5 47. b6 Be4 48. Kc7 Bd5 49. b7 Bxb7 50. Kxb7 Kd7 51. Bh4 Kd6 52. Kc8 Kd5 53. Kd7 Ke4 54. Ke7 Kf3 55. Kxf7 Kg4 56. Kg6 1-0

[Event "Titled Tuesday intern op 4th Aug 10am"]
[Site "Chess.com INT"]
[Date "2020.08.04"]
[Round "5"]
[White "Moreira, Ronaldo Alonso"]
[Black "Caceres Vasquez, Sergio"]
[Result "1-0"]
[WhiteElo "2088"]
[BlackElo "2061"]
[PlyCount "97"]
[EventDate "2020.08.04"]
[EventType "swiss (blitz)"]
[EventRounds "10"]
[EventCountry "USA"]
[SourceTitle "CBM 197 Extra"]
[Source "ChessBase"]
[SourceDate "2020.09.30"]
[SourceVersion "1"]
[SourceVersionDate "2020.09.30"]
[SourceQuality "1"]

1. d4 d5 2. c4 c6 3. Nf3 Nf6 4. Nc3 e6 5. e3 Nbd7 6. b3 Bb4 7. Bb2 Ne4 8. Rc1 Qa5 9. Qc2 Bxc3+ 10. Bxc3 Nxc3 11. Qxc3 Qxc3+ 12. Rxc3 0-0 13. Bd3 Re8 14. cxd5 exd5 15. 0-0 a5 16. a3 Nf8 17. Rb1 Ne6 18. h3 g6 19. b4 axb4 20. axb4 Ng7 21. b5 cxb5 22. Rxb5 Rd8 23. Rcc5 Be6 24. Rxb7 h6 25. Rcc7 Rdb8 26. Ne5 Ra1+ 27. Kh2 Rxb7 28. Rxb7 Ra2 29. Kg1 Rd2 30. Rb8+ Kh7 31. Kf1 Nf5 32. Ke1 Ra2 33. Bxf5 Bxf5 34. Nxf7 Ra1+ 35. Ke2 Ra2+ 36. Kf3 Kg7 37. Ne5 Be4+ 38. Kg3 h5 39. Rb7+ Kf6 40. Rf7+ Ke6 41. Rg7 h4+ 42. Kxh4 Rxf2 43. Kg3 Rxg2+ 44. Kf4 Rf2+ 45. Kg5 Rf5+ 46. Kh6 Rf6 47. Nxg6 Rxg6+ 48. Rxg6+ Bxg6 49. Kxg6 1-0

[Event "Titled Tuesday intern op 14th July"]
[Site "Chess.com INT"]
[Date "2020.07.14"]
[Round "2"]
[White "Afonasieva, Anna"]
[Black "Caceres Vasquez, Sergio"]
[Result "1-0"]
[WhiteElo "2274"]
[BlackElo "2061"]
[PlyCount "75"]
[EventDate "2020.07.14"]
[EventType "swiss (blitz)"]
[EventRounds "10"]
[EventCountry "USA"]
[SourceTitle "CBM 197 Extra"]
[Source "ChessBase"]
[SourceDate "2020.09.30"]
[SourceVersion "1"]
[SourceVersionDate "2020.09.30"]
[SourceQuality "1"]

1. d4 d5 2. Bf4 Nf6 3. e3 g6 4. Nd2 Bg7 5. Bd3 0-0 6. Ngf3 b6 7. Qe2 Bb7 8. 0-0 c5 9. c3 Nc6 10. Ne5 Nd7 11. Nxd7 Qxd7 12. dxc5 bxc5 13. e4 d4 14. Rac1 e5 15. Bg3 f5 16. Rfd1 f4 17. Bh4 h6 18. f3 g5 19. Bf2 h5 20. Nb3 Qe7 21. cxd4 cxd4 22. Nc5 Bc8 23. Bc4+ Kh8 24. Bd5 Qd6 25. Qb5 Rf6 26. a3 Rb8 27. Qe2 Ne7 28. Ba2 Rg6 29. Kh1 g4 30. Bh4 Bf6 31. Bxf6+ Qxf6 32. Nd3 gxf3 33. gxf3 Bh3 34. Rg1 Rbg8 35. Bxg8 Nxg8 36. Rxg6 Qxg6 37. Nxe5 Qd6 38. Nf7+ 1-0

[Event "Titled Tuesday intern op 14th July"]
[Site "Chess.com INT"]
[Date "2020.07.14"]
[Round "8"]
[White "Caceres Vasquez, Sergio"]
[Black "Faizulaev, Akmal"]
[Result "1-0"]
[WhiteElo "2061"]
[BlackElo "2378"]
[PlyCount "49"]
[EventDate "2020.07.14"]
[EventType "swiss (blitz)"]
[EventRounds "10"]
[EventCountry "USA"]
[SourceTitle "CBM 197 Extra"]
[Source "ChessBase"]
[SourceDate "2020.09.30"]
[SourceVersion "1"]
[SourceVersionDate "2020.09.30"]
[SourceQuality "1"]

1. d4 Nf6 2. c4 g6 3. Nc3 Bg7 4. e4 d6 5. f4 0-0 6. Nf3 c5 7. d5 e6 8. Be2 exd5 9. cxd5 Bg4 10. 0-0 Re8 11. h3 Bxf3 12. Bxf3 Nbd7 13. g4 b5 14. g5 Nh5 15. Nxb5 Ng3 16. Re1 Qb6 17. Nc3 h5 18. h4 Qb4 19. Kg2 Bxc3 20. bxc3 Qxc3 21. Bd2 Qb2 22. Kxg3 Nb6 23. Qc1 Qb5 24. Bc3 Na4 25. Bf6 1-0

[Event "Titled Tuesday intern op 14th July"]
[Site "Chess.com INT"]
[Date "2020.07.14"]
[Round "3"]
[White "Medvedyk, Volodymyr"]
[Black "Caceres Vasquez, Sergio"]
[Result "1-0"]
[WhiteElo "2205"]
[BlackElo "2061"]
[PlyCount "81"]
[EventDate "2020.07.14"]
[EventType "swiss (blitz)"]
[EventRounds "10"]
[EventCountry "USA"]
[SourceTitle "CBM 197 Extra"]
[Source "ChessBase"]
[SourceDate "2020.09.30"]
[SourceVersion "1"]
[SourceVersionDate "2020.09.30"]
[SourceQuality "1"]

1. c4 c6 2. g3 d5 3. Nf3 Nf6 4. Bg2 Bf5 5. cxd5 cxd5 6. 0-0 Nc6 7. d3 h6 8. Nc3 e6 9. Qb3 Qb6 10. Qxb6 axb6 11. Nb5 Kd7 12. Rd1 Bh7 13. Be3 Bc5 14. d4 Be7 15. Ne5+ Nxe5 16. dxe5 Ng4 17. Bxb6 Nxe5 18. Bxd5 exd5 19. Rxd5+ Kc6 20. Rxe5 Kxb6 21. Rxe7 Kxb5 22. Rxb7+ Ka6 23. Rxf7 Ra7 24. Rxa7+ Kxa7 25. Rd1 Rb8 26. Rd7+ Rb7 27. Rxb7+ Kxb7 28. f3 Kc6 29. Kf2 Kc5 30. Ke3 Kb4 31. Kd4 Bg8 32. b3 Ka3 33. Kc5 Kxa2 34. b4 Be6 35. b5 Kb3 36. Kd6 Bc4 37. b6 Ba6 38. e4 Kc4 39. e5 Bc8 40. Kc7 Ba6 41. e6 1-0

[Event "Titled Tuesday intern op 7th July"]
[Site "Chess.com INT"]
[Date "2020.07.07"]
[Round "10"]
[White "Caceres Vasquez, Sergio"]
[Black "Hansen, Soren Bech"]
[Result "0-1"]
[WhiteElo "2061"]
[BlackElo "2269"]
[PlyCount "56"]
[EventDate "2020.07.07"]
[EventType "swiss (blitz)"]
[EventRounds "10"]
[EventCountry "USA"]
[SourceTitle "CBM 197 Extra"]
[Source "ChessBase"]
[SourceDate "2020.09.30"]
[SourceVersion "1"]
[SourceVersionDate "2020.09.30"]
[SourceQuality "1"]

1. d4 f5 2. c4 Nf6 3. g3 g6 4. Bg2 Bg7 5. Nf3 0-0 6. 0-0 d6 7. Nc3 Qe8 8. d5 Na6 9. Nd4 Bd7 10. Rb1 c6 11. dxc6 bxc6 12. b4 Rc8 13. Qd3 Nxb4 14. Rxb4 c5 15. Rb7 cxd4 16. Nb5 Ne4 17. Rxa7 Nc5 18. Qa3 Bc6 19. Nc7 Rxc7 20. Rxc7 Bxg2 21. Kxg2 Qf7 22. Bg5 Qxc4 23. Bxe7 Re8 24. Qf3 Qe6 25. Bg5 Qxa2 26. Rc6 Qe6 27. Bf4 Ne4 28. Rfc1 g5 0-1

[Event "Titled Tuesday intern op 7th July"]
[Site "Chess.com INT"]
[Date "2020.07.07"]
[Round "3"]
[White "Caceres Vasquez, Sergio"]
[Black "Mammadova, Gulnar Marfat Qizi"]
[Result "0-1"]
[WhiteElo "2061"]
[BlackElo "2382"]
[PlyCount "62"]
[EventDate "2020.07.07"]
[EventType "swiss (blitz)"]
[EventRounds "10"]
[EventCountry "USA"]
[SourceTitle "CBM 197 Extra"]
[Source "ChessBase"]
[SourceDate "2020.09.30"]
[SourceVersion "1"]
[SourceVersionDate "2020.09.30"]
[SourceQuality "1"]

1. d4 d6 2. c4 g6 3. Nc3 Bg7 4. e4 e5 5. d5 f5 6. exf5 Bxf5 7. Bd3 Ne7 8. Nge2 0-0 9. Ng3 Bxd3 10. Qxd3 Nd7 11. 0-0 a5 12. Be3 Nf5 13. Nxf5 gxf5 14. f3 Kh8 15. Rab1 b6 16. b3 Qf6 17. Rbc1 Rg8 18. Qd2 Nc5 19. Kh1 Raf8 20. f4 e4 21. Nb5 Rf7 22. Nd4 Qg6 23. Rg1 Nd3 24. Rcf1 Bf6 25. Ne6 Nc5 26. Nxc5 bxc5 27. g3 Qg7 28. Qf2 Bd4 29. Rd1 Bf6 30. Rgf1 Qh6 31. Rg1 Rfg7 0-1

[Event "Titled Tuesday intern op 30th June"]
[Site "Chess.com INT"]
[Date "2020.06.30"]
[Round "7"]
[White "Caceres Vasquez, Sergio"]
[Black "Efremov, Vladislav"]
[Result "0-1"]
[WhiteElo "2061"]
[BlackElo "2188"]
[PlyCount "114"]
[EventDate "2020.06.30"]
[EventType "swiss (blitz)"]
[EventRounds "10"]
[EventCountry "USA"]
[SourceTitle "CBM 197 Extra"]
[Source "ChessBase"]
[SourceDate "2020.09.30"]
[SourceVersion "1"]
[SourceVersionDate "2020.09.30"]
[SourceQuality "1"]

1. d4 d5 2. c4 e6 3. Nf3 Nf6 4. g3 dxc4 5. Bg2 Nc6 6. Qa4 Nd7 7. Qxc4 Nb6 8. Qd3 e5 9. dxe5 Qxd3 10. exd3 Nb4 11. Na3 Nxd3+ 12. Ke2 Nxc1+ 13. Rhxc1 Bxa3 14. bxa3 c6 15. Nd4 Bd7 16. Nb3 0-0-0 17. Nc5 Rhe8 18. f4 Bg4+ 19. Kf2 Rd2+ 20. Kg1 Red8 21. Ne4 R2d4 22. Nd6+ Kb8 23. Nxf7 Rf8 24. Nd6 Nc8 25. Nxb7 Kxb7 26. Rxc6 Kb8 27. Rac1 Rd1+ 28. Rxd1 Bxd1 29. e6 Re8 30. f5 Bg4 31. Rc5 g6 32. fxg6 hxg6 33. Bc6 Rxe6 34. Bd7 Re1+ 35. Kf2 Bxd7 36. Kxe1 Nb6 37. Rg5 Be8 38. h4 Bf7 39. g4 Nc4 40. h5 gxh5 41. gxh5 Bxh5 42. Rxh5 Nxa3 43. Kd2 Nc4+ 44. Kc3 Nb6 45. Kb4 Kb7 46. Kb5 a6+ 47. Ka5 Nc4+ 48. Kb4 Nb6 49. Rh7+ Kc6 50. Rh6+ Kb7 51. Kc5 Na4+ 52. Kb4 Nb6 53. Rh7+ Kc6 54. a4 Nd5+ 55. Kb3 Nb6 56. Rh6+ Kb7 57. a5 Nd5 0-1

[Event "Titled Tuesday intern op 30th June"]
[Site "Chess.com INT"]
[Date "2020.06.30"]
[Round "5"]
[White "Khalafova, Narmin Ilgar Qizi"]
[Black "Caceres Vasquez, Sergio"]
[Result "1-0"]
[WhiteElo "2279"]
[BlackElo "2061"]
[PlyCount "59"]
[EventDate "2020.06.30"]
[EventType "swiss (blitz)"]
[EventRounds "10"]
[EventCountry "USA"]
[SourceTitle "CBM 197 Extra"]
[Source "ChessBase"]
[SourceDate "2020.09.30"]
[SourceVersion "1"]
[SourceVersionDate "2020.09.30"]
[SourceQuality "1"]

1. e4 c6 2. Nc3 d5 3. Nf3 dxe4 4. Nxe4 Nf6 5. Qe2 Nxe4 6. Qxe4 Nd7 7. Bc4 Nf6 8. Ne5 e6 9. Qe2 Be7 10. 0-0 0-0 11. b3 Nd7 12. Nxf7 Rxf7 13. Qxe6 Qf8 14. Re1 Nb6 15. Qxe7 Nxc4 16. Qxf8+ Kxf8 17. bxc4 Bf5 18. d3 Rd7 19. Ba3+ Kf7 20. Re5 Bg6 21. Rae1 Rc8 22. Re7+ Rxe7 23. Rxe7+ Kf6 24. Rxb7 Re8 25. Kf1 Bh5 26. f3 Re6 27. Bb2+ Kg6 28. Rxg7+ Kh6 29. Rxa7 Bg6 30. a4 1-0

[Event "Titled Tuesday intern op 30th June"]
[Site "Chess.com INT"]
[Date "2020.06.30"]
[Round "6"]
[White "Ouellet, Maili Jade"]
[Black "Caceres Vasquez, Sergio"]
[Result "1-0"]
[WhiteElo "2257"]
[BlackElo "2061"]
[PlyCount "49"]
[EventDate "2020.06.30"]
[EventType "swiss (blitz)"]
[EventRounds "10"]
[EventCountry "USA"]
[SourceTitle "CBM 197 Extra"]
[Source "ChessBase"]
[SourceDate "2020.09.30"]
[SourceVersion "1"]
[SourceVersionDate "2020.09.30"]
[SourceQuality "1"]

1. d4 d5 2. c4 c6 3. Nf3 Nf6 4. Nc3 e6 5. Bg5 h6 6. Bxf6 Qxf6 7. e3 Nd7 8. Bd3 Qd8 9. e4 dxe4 10. Nxe4 Be7 11. 0-0 0-0 12. Rc1 Nf6 13. Qe2 Rb8 14. Rfd1 Re8 15. Ne5 Bf8 16. Nxf6+ Qxf6 17. Qe4 g6 18. h4 Bg7 19. c5 h5 20. Rc3 Rd8 21. Bc2 Bd7 22. Rf3 Qe7 23. Rxf7 Qxf7 24. Nxf7 Kxf7 25. Qxg6+ 1-0

[Event "Titled Tuesday intern op 23rd June"]
[Site "Chess.com INT"]
[Date "2020.06.23"]
[Round "4"]
[White "Caceres Vasquez, Sergio"]
[Black "Magallanes, Rey Jomar"]
[Result "1-0"]
[WhiteElo "2061"]
[BlackElo "2036"]
[PlyCount "55"]
[EventDate "2020.06.23"]
[EventType "swiss (blitz)"]
[EventRounds "10"]
[EventCountry "USA"]
[SourceTitle "CBM 197 Extra"]
[Source "ChessBase"]
[SourceDate "2020.09.30"]
[SourceVersion "1"]
[SourceVersionDate "2020.09.30"]
[SourceQuality "1"]

1. d4 Nf6 2. c4 g6 3. Nc3 Bg7 4. e4 d6 5. f4 0-0 6. Nf3 Nc6 7. d5 Nb8 8. Bd3 Nbd7 9. 0-0 Nc5 10. Bc2 a5 11. Be3 Nfd7 12. Qd2 b6 13. Rae1 e5 14. f5 Bb7 15. g4 Kh8 16. g5 Rg8 17. f6 Bf8 18. h4 Na6 19. Kf2 Nb4 20. Bb1 Nc5 21. a3 Nba6 22. Rh1 Bc8 23. Reg1 Bd7 24. h5 Qc8 25. hxg6 Rxg6 26. Rh4 Nb3 27. Qd1 Nac5 28. Rgh1 1-0

[Event "Titled Tuesday intern op 23rd June"]
[Site "Chess.com INT"]
[Date "2020.06.23"]
[Round "9"]
[White "Voges, Rachelle Mari"]
[Black "Caceres Vasquez, Sergio"]
[Result "1-0"]
[WhiteElo "1583"]
[BlackElo "2061"]
[PlyCount "97"]
[EventDate "2020.06.23"]
[EventType "swiss (blitz)"]
[EventRounds "10"]
[EventCountry "USA"]
[SourceTitle "CBM 197 Extra"]
[Source "ChessBase"]
[SourceDate "2020.09.30"]
[SourceVersion "1"]
[SourceVersionDate "2020.09.30"]
[SourceQuality "1"]

1. d4 d5 2. Nf3 Nf6 3. Bg5 e6 4. Nbd2 Be7 5. e3 0-0 6. Bd3 h6 7. Bh4 b6 8. c4 Bb7 9. Qc2 Nbd7 10. b3 Rc8 11. 0-0 c5 12. Rac1 cxd4 13. exd4 dxc4 14. bxc4 Nd5 15. Bxe7 Qxe7 16. Qb1 Nf4 17. Ne4 Nxd3 18. Qxd3 Nf6 19. Ng3 Rfd8 20. Rfe1 Bxf3 21. Qxf3 Rxd4 22. Ne4 Nxe4 23. Rxe4 Rxe4 24. Qxe4 Qc5 25. h3 b5 26. Qb7 bxc4 27. Rc3 Rc7 28. Qa8+ Kh7 29. Qe4+ g6 30. Qf4 Kg7 31. Kf1 e5 32. Qe4 Qd4 33. Qc2 e4 34. Re3 f5 35. Ke2 c3 36. f3 exf3+ 37. Kxf3 g5 38. Ke2 f4 39. Rf3 Re7+ 40. Kf1 Qd2 41. Qxc3+ Qxc3 42. Rxc3 Kf6 43. Rc6+ Kg7 44. Ra6 Rb7 45. Kf2 Rc7 46. Kf3 Rb7 47. Kg4 Rc7 48. Kh5 Rd7 49. Rxh6 1-0

[Event "CHI-ch sf"]
[Site "Quilpue"]
[Date "2020.02.01"]
[Round "6"]
[White "Caceres Vasquez, Sergio"]
[Black "Gasic Merino, Franco Ignacio"]
[Result "0-1"]
[WhiteElo "2089"]
[BlackElo "2177"]
[PlyCount "64"]
[EventDate "2020.01.30"]
[EventType "swiss"]
[EventRounds "8"]
[EventCountry "CHI"]
[SourceTitle "CBM 194 Extra"]
[Source "ChessBase"]
[SourceDate "2020.03.31"]
[SourceVersion "1"]
[SourceVersionDate "2020.03.31"]
[SourceQuality "1"]

1. d4 Nf6 2. c4 g6 3. Nc3 Bg7 4. e4 d6 5. f4 0-0 6. Nf3 c5 7. d5 e6 8. Be2 exd5 9. cxd5 Bg4 10. 0-0 Nbd7 11. h3 Bxf3 12. Bxf3 Ne8 13. g4 Nc7 14. a4 a6 15. g5 b5 16. axb5 Nxb5 17. Nxb5 axb5 18. Rxa8 Qxa8 19. Qe2 Qa4 20. Kg2 Re8 21. Qd1 Qc4 22. Rf2 Ra8 23. b3 Qb4 24. Bb2 Bxb2 25. Rxb2 c4 26. Qd4 c3 27. Qxb4 cxb2 28. Qxd6 Nf8 29. e5 b1Q 30. e6 fxe6 31. dxe6 Ra2+ 32. Kg3 Qe1+ 0-1